Genshin Impact - Personnages Cryo - Statistiques

Statistiques générales
  • Ce quiz a été pris 124 fois
    29 depuis la dernière actualisation
  • Le résultat moyen est 13 sur 18
Answers on the Grid
Answers color-coded by a green-red scale on the quiz's grid according to % correct below.
Albedo
Alhaitham
Aloy
Amber
Arataki Itto
Arlecchino
Baizhu
Barbara
Beidou
Bennett
Candace
Charlotte
Chasca
Chevreuse
Chiori
Chongyun
Citlali
Clorinde
Collei
Cyno
Dehya
Diluc
Diona
Dori
Émilie
Eula
Faruzan
Fischl
Fréminet
Furina
Gaming
Ganyu
Gorou
Hu Tao
Iansan
Jean
Kachina
Kaedehara Kazuha
Kaeya
Kamisato Ayaka
Kamisato Ayato
Kaveh
Keqing
Kinich
Kirara
Klee
Kujou Sara
Kuki Shinobu
Lan Yan
Layla
Lisa
Lynette
Lyney
Mavuika
Mika
Mona
Mualani
Nahida
Navia
Neuvillette
Nilou
Ningguang
Noëlle
Nomade
Ororon
Qiqi
Razor
Rosalia
Sangonomiya Kokomi
Sayu
Sethos
Shenhe
Shikanoin Heizou
Shogun Raiden
Sigewinne
Sucrose
Tartaglia
Thomas
Tighnari
Varesa
Venti
Wriothesley
Xiangling
Xianyun
Xiao
Xilonen
Xingqiu
Xinyan
Yae Miko
Yanfei
Yaoyao
Yelan
Yoimiya
Yumemizuki Mizuki
Yun Jin
Zhongli
Ifa
Escoffier
Skirk
Lauma
Flins
Ineffa
Aino
Dahlia
 
Statistiques - réponses
Réponse % Correct
Wriothesley
80%
Aloy
75%
Chongyun
75%
Eula
75%
Fréminet
75%
Layla
75%
Qiqi
75%
Shenhe
75%
Citlali
70%
Kamisato Ayaka
70%
Escoffier
65%
Ganyu
65%
Kaeya
65%
Mika
65%
Rosalia
65%
Skirk
65%
Charlotte
60%
Diona
60%
Aucun quiz correspondant
Distribution des résultats
% des personnes avec chaque résultat
Percentile par nombre de réponses
Votre historique - résultats
Vous n’avez pas pris ce quiz depuis la dernière actualisation